=LDR 00000nam 2200000 4500 =001 INLIS000000000019427 =005 20130612114504 =008 ***********************************Ind** =035 ##$$0010-061300000019427 =041 ##$$a Ind =082 ##$$a 633.88 =090 ##$$a 633.88, Kar b =100 ##$$a Karta Saputra =245 ##$$a Budi daya tanaman berhasiat obat (meningkatkan apotik hidup dan pendapatan para keluarga petani, serta pkk, oleh Drs. G. Karta Saputra =260 ##$$a 2004 $b Jakarta =300 ##$$a ix, 137 hlm, ilus, 21 cm =650 ##$$a Taman Obat =850 ##$$a NBPNMAT =990 ##$$a 0042/BPAP-NTB/2017